000 00361nam a2200145 4500
999 _c9448
_d9448
003 OSt
005 20210623102828.0
008 210623b ||||| |||| 00| 0 eng d
020 _a9780500203989
082 _a776
_bPAU
245 _aDigital Art
250 _arevised and expanded edition
260 _aLondon
_bThames and hudson world of art
_c2008
942 _2ddc